书目信息 |
| 题名: |
姬薇的婚事
|
|
| 作者: | 柏德尔 著 ;庄重 译 | |
| 分册: | ||
| 出版信息: | 长沙 湖南人民出版社 1983 |
|
| 页数: | 273页 | |
| 开本: | 19cm | |
| 丛书名: | ||
| 单 册: | ||
| 中图分类: | I351.4 | |
| 科图分类: | ||
| 主题词: | 小说--印度--现代 , 文学 | |
| 电子资源: | ||
| ISBN: | ||
| 000 | 00725nam0 2200265 45 | |
| 001 | 0183009953 | |
| 005 | 20040413110048.6 | |
| 010 | @dCNY0.75 | |
| 091 | @a10109.1603 | |
| 100 | @a19950727d1983 em y0chiy0121 ea | |
| 101 | 1 | @achi@cinc |
| 102 | @aCN@b430000 | |
| 105 | @ay z 000ay | |
| 106 | @ar | |
| 200 | 10 | @a姬薇的婚事@Aji wei de hun shi@f(印)贝纳拉尔·柏德尔著@g庄重译 |
| 210 | @a长沙@c湖南人民出版社@d1983 | |
| 215 | @a273页@d19cm | |
| 606 | @a小说@y印度@z现代 | |
| 606 | 0 | @a文学 |
| 690 | @aI351.4 | |
| 701 | 1 | @a柏德尔@Abo de er@b贝纳拉尔@4著 |
| 702 | 0 | @a庄重@Azhuang zhong@4译 |
| 801 | 0 | @aCN@b上海图书馆@c20040413 |
| 801 | 2 | @aCN@bNLC@c20040413 |
| 905 | @f3@b99125-127@dI351.4@e14@b143433-437@f5 | |
| 姬薇的婚事/(印)贝纳拉尔·柏德尔著/庄重译.-长沙:湖南人民出版社,1983 |
| 273页;19cm |
| ISBN :CNY0.75 |
| ● |
| 相关链接 |
|
|
|
|
正题名:姬薇的婚事
索取号:I351.4/14
 
预约/预借
| 序号 | 登录号 | 条形码 | 馆藏地/架位号 | 状态 | 备注 |
| 1 | 0099125 | 000695206 | 密集书库/ [索取号:I351.4/14] | 在馆 | |
| 2 | 0099126 | 000695180 | 密集书库/ [索取号:I351.4/14] | 在馆 | |
| 3 | 0099127 | 000695199 | 密集书库/ [索取号:I351.4/14] | 在馆 | |
| 4 | 0143433 | 000695233 | 密集书库/ [索取号:I351.4/14] | 在馆 | |
| 5 | 0143434 | 000695224 | 密集书库/ [索取号:I351.4/14] | 在馆 | |
| 6 | 0143435 | 000695215 | 密集书库/ [索取号:I351.4/14] | 在馆 | |
| 7 | 0143436 | 000695242 | 第二借阅区/ [索取号:I351.4/14] | 在馆 | |
| 8 | 0143437 | 000695251 | 第一样本阅览室/ [索取号:I351.4/14] | 在馆 |